MARC

LEADER 00000nam0a2200000 4500
001 117478
005 20231101215415.0
035 |a (RuTPU)RU\TPU\book\127160 
090 |a 117478 
100 |a 20070604d1980 k y0rusy50 ca 
101 0 |a rus 
102 |a RU 
105 |a y z 000zy 
200 1 |a Прикладные методы исследования управляемых механических систем  |e [монография]  |f Академия наук Украинской ССР, Отделение математики механики и кибернетики 
210 |a Киев  |c Наукова думка  |d 1980 
215 |a 191 с.  |c ил. 
320 |a Библиография в конце статей 
606 1 |a Механические системы управляемые  |2 stltpush  |3 (RuTPU)RU\TPU\subj\43605  |9 63081 
610 1 |a математическое описание 
610 1 |a чувствительность 
610 1 |a движение 
610 1 |a присоединенные упругие элементы 
610 1 |a колебания 
610 1 |a нелинейности 
610 1 |a полигармоническая линеаризация 
610 1 |a применение 
610 1 |a оптимальные траектории 
610 1 |a программирование 
610 1 |a принцип максимума 
610 1 |a монографии 
675 |a 681.51.075  |v 4 
712 0 2 |a Академия наук Украинской ССР  |b Отделение математики механики и кибернетики  |c (1936-1991)  |2 stltpush  |3 (RuTPU)RU\TPU\col\332 
801 1 |a RU  |b 63413507  |c 20070604  |g PSBO 
801 2 |a RU  |b 63413507  |c 20210423  |g PSBO 
942 |c BK